000
00234nam a22000857a 4500
008
160718b xxu||||| |||| 00| 0 eng d
100
_9
2990
_a
Surmani, A., et al
245
_a
Essentials of Music Theory
260
_a
USA
_b
Alfred Pub.Co
_c
1965
999
_c
2553
_d
2553